| 000 | 00436nam a2200157Ia 4500 | ||
|---|---|---|---|
| 005 | 20241209022328.0 | ||
| 008 | 240331s9999 xx 000 0 und d | ||
| 020 | _a8173040958 | ||
| 082 |
_bSTU _a891 |
||
| 100 | _aEntwistle, A. W | ||
| 245 | 0 | _aStudies in South Asian Devotional Literature | |
| 260 |
_aNew Delhi _bManohar Publishers and Distributors _c1994 |
||
| 300 | _aXiii, 585 p ., | ||
| 650 | _aDevotional Literature | ||
| 942 | _cL | ||
| 999 |
_c3375 _d3375 |
||